| Tag |
First Indicator |
Second Indicator |
Subfields |
| LEADER |
00000cam a22000004a 4500 |
| 001 |
in00001600522 |
| 005 |
20210821063656.0 |
| 008 |
000810s2001 mau b 001 0 eng |
| 010 |
|
|
|a 00063951
|
| 020 |
|
|
|a 020530768X
|
| 035 |
|
|
|a (OCoLC)ocm44802874
|
| 040 |
|
|
|a DLC
|c DLC
|d C#P
|d TXA
|d UtOrBLW
|
| 042 |
|
|
|a pcc
|
| 049 |
|
|
|a TXAM
|
| 050 |
0 |
0 |
|a HV2437
|b .S74 2001
|
| 082 |
0 |
0 |
|a 371.91/2
|2 21
|
| 100 |
1 |
|
|a Stewart, David A.
|q (David Alan),
|d 1954-2004.
|
| 245 |
1 |
0 |
|a Teaching deaf and hard of hearing students :
|b content, strategies, and curriculum /
|c David A. Stewart, Thomas N. Kluwin.
|
| 264 |
|
1 |
|a Boston :
|b Allyn and Bacon,
|c [2001]
|
| 264 |
|
4 |
|c ©2001
|
| 300 |
|
|
|a xii, 353 pages ;
|c 25 cm.
|
| 336 |
|
|
|a text
|b txt
|2 rdacontent
|
| 337 |
|
|
|a unmediated
|b n
|2 rdamedia
|
| 338 |
|
|
|a volume
|b nc
|2 rdacarrier
|
| 504 |
|
|
|a Includes bibliographical references (pages 335-342) and index.
|
| 650 |
|
0 |
|a Deaf children
|x Education.
|
| 700 |
1 |
|
|a Kluwin, Thomas N.
|
| 948 |
|
|
|a cataloged
|b h
|c 2001/2/23
|d c
|e ceaton
|f 9:55:52 am
|
| 994 |
|
|
|a E0
|b TXA
|
| 999 |
|
|
|a MARS
|
| 999 |
f |
f |
|s 80042ade-0668-3dd3-badd-69c8b97968d4
|i 7158cd05-ab35-30fb-8287-de4c766de029
|t 0
|
| 952 |
f |
f |
|p normal
|a Texas A&M University
|b College Station
|c Sterling C. Evans Library
|d Evans: Library Stacks
|t 0
|e HV2437 .S74 2001
|h Library of Congress classification
|i unmediated -- volume
|m A14827181890
|
| 998 |
f |
f |
|a HV2437 .S74 2001
|t 0
|l Evans: Library Stacks
|